00433nam a2200157Ia 4500008004100000040001900041041001200060082001700072100001700089245005600106260003300162300002500195440001900220650001300239850002300252131103s9999 xx 000 0 und d aLoreto College aEnglish aCHBKb#NAME? aLewis, C. S. aPrince Caspianb the return to narnia cC. S. Lewis aEnglandbPenguin Booksc1968 a190p.b ill.c 20cm. aA Puffin books aCHBK - 1 aLCBED/CHBK - 1/LEW